Research in emerging fields of education: Concepts, trends and prospects (Record no. 1378042)

MARC details
000 -LEADER
fixed length control field 00624nam a2200205Ia 4500
005 - DATE AND TIME OF LATEST TRANSACTION
control field 20250508162701.0
008 - FIXED-LENGTH DATA ELEMENTS--GENERAL INFORMATION
fixed length control field 008 250505s9999 xx 000 0 eng d
037 ## - SOURCE OF ACQUISITION
Stock number Books to be hide in OPAC
040 ## - CATALOGING SOURCE
Original cataloging agency FEDL
Language of cataloging eng
Transcribing agency FEDL
041 ## - LANGUAGE CODE
Language code of text/sound track or separate title eng
Source of code eng
084 ## - COLON CLASSIFICATION NUMBER
Classification number 001.4, AGG
Assigning agency FEDL
100 ## - MAIN ENTRY--PERSONAL NAME
Personal name Aggarwal Y P Ed.
9 (RLIN) 612018
245 #0 - TITLE STATEMENT
Title Research in emerging fields of education: Concepts, trends and prospects
260 ## - PUBLICATION, DISTRIBUTION, ETC.
Place of publication, distribution, etc. New Delhi, India
Name of publisher, distributor, etc. Sterling Publishers Pvt. Ltd.
Date of publication, distribution, etc. 1988
300 ## - PHYSICAL DESCRIPTION
Extent xvi, 304p
365 ## - TRADE PRICE
Price type code INR
Price amount 150
650 ## - SUBJECT ADDED ENTRY--TOPICAL TERM
Topical term or geographic name entry element Research
942 ## - ADDED ENTRY ELEMENTS (KOHA)
Koha item type Books to be hide in OPAC
Classification part 001.4, AGG
Holdings
Withdrawn status Lost status Damaged status Not for loan Home library Current library Date acquired Cost, normal purchase price Total Checkouts Full call number Barcode Date last seen Price effective from Koha item type
        Department of Education Library Department of Education Library 2025-05-08 150.00   001.4, AGG EL0070634 2025-05-08 2025-05-08 Books to be hide in OPAC
Copyright @ Delhi University Library System